000
00302nam a22001337a 4500
008
190306b xxu||||| |||| 00| 0 eng d
020
_a
9780738602271
041
_a
eng
080
_2
_a
617
100
_a
5
101
_a
KIR
245
_a
Surgeru of Rheumatoid Arthritis
_c
Marmor,L
942
_2
udc
_c
BK
999
_c
54602
_d
54602